Έξι φωνές απο το Αιγαίο : Ζήσιμος Σίδερης-Γιάννής Χατζίνης-Γιώργος Θέμελης-Δ. Νικολαρειζης- Άλκης Αγγέλογλου-- Δ.Π. Παπαδίτσας
Αποθηκεύτηκε σε:
| Κύριος συγγραφέας: | |
|---|---|
| Μορφή: | Βιβλίο |
| Γλώσσα: | Greek |
| Δημοσίευση: |
Αθήνα :
Τσιβεριώτης ΕΠΕ,
2001.
|
| Θέματα: | |
| Ετικέτες: |
Προσθήκη ετικέτας
Δεν υπάρχουν, Καταχωρήστε ετικέτα πρώτοι!
|
MARC
| LEADER | 00000cam a2200000 i 4500 | ||
|---|---|---|---|
| 001 | 1/20900 | ||
| 008 | 010830s2001 gr | ||| |||| ||gre|| | ||
| 035 | |l 10067207 | ||
| 040 | |a GR-MyUA |b gre |e AACR2 | ||
| 041 | 0 | |a gre | |
| 082 | 0 | |a 889.092 | |
| 100 | 1 | |a Καραθανάσης, Κώστας Ξ., |d 1920-1997. | |
| 245 | 1 | 0 | |a Έξι φωνές απο το Αιγαίο : |b Ζήσιμος Σίδερης-Γιάννής Χατζίνης-Γιώργος Θέμελης-Δ. Νικολαρειζης- Άλκης Αγγέλογλου-- Δ.Π. Παπαδίτσας / |c Κώστας Καραθανάσης ; [επιμέλεια Ιωάννα Καραθανάση]. |
| 260 | |a Αθήνα : |b Τσιβεριώτης ΕΠΕ, |c 2001. | ||
| 300 | |a 563 σ. : |b φωτ. ; |c 24 εκ. | ||
| 500 | |a Περιέχει εργογραφία. | ||
| 600 | 1 | 0 | |a Σίδερης, Ζήσιμος, |d 1871-1933. |
| 600 | 1 | 0 | |a Νικολαρεΐζης, Δημήτριος, |d 1908-1981. |
| 600 | 1 | 0 | |a Παπαδίτσας, Δημήτρης Π., |d 1922-1987. |
| 600 | 1 | 0 | |a Θέμελης, Γιώργος, |d 1900-1976. |
| 600 | 1 | 0 | |a Χατζίνης, Γιάννης, |d 1900-1975. |
| 600 | 1 | 0 | |a Αγγέλογλου, Άλκης, |d 1915-1990. |
| 650 | 0 | 0 | |a Litterateurs |x Biography. |
| 650 | 0 | 0 | |a Litterateurs |z Greece |x History and criticism. |
| 650 | 0 | 0 | |a Litterateurs |z Greece |z Samos (Municipality) |
| 852 | |a INST |b SAMOS |e 20010830 |h 889.092 KAP |p 005300020505 |q 005300020505 |t BK |y 0 | ||
| 901 | |a BIBL3-2001-2 | ||
| 970 | |a ΜΑΛΑΓΑΡΗ |b ΦΩΤΕΙΝΗ |z 2001/08/30 | ||